000
00277nam a22001337a 4500
008
170527b xxu||||| |||| 00| 0 eng d
020
_a
9780201416978
041
_a
eng
080
_a
62
100
_a
26
101
_a
im
245
_a
CASE MTHOD
_c
BARKER, R
942
_2
udc
_c
BK
999
_c
14646
_d
14646